Regionalliga West Teams 2025/26 - Statistiken

Allgemein
  • Dieses Quiz wurde 29 mal gespielt
  • Das Durchschnittsergebnis liegt bei 14 aus 18
Antwortstatistiken
Bildquiz Antwort % Korrekt
Fortuna Köln
93%
FC Schalke 04 II
89%
Rot Weiß Oberhausen
89%
Borussia Dortmund II
85%
Borussia Mönchengladbach II
85%
Fortuna Düsseldorf II
85%
SC Paderborn 07 II
85%
VFL Bochum II
85%
Sportfreunde Siegen
81%
SV Rödinghausen
81%
Wuppertaler SV
81%
1. FC Bocholt
78%
Sportfreunde Lotte
78%
FC Gütersloh
74%
1. FC Köln II
70%
SC Wiedenbrück
70%
Bonner SC
67%
SSVg Vellbert
33%
Keine übereinstimmenden Quizze gefunden
Verteilung der Resultate
Anzahl Personen mit jedem Resultat
Perzentil nach korrekt beantworteten Fragen
Ihre Resultats-Entwicklung
Sie haben dieses Quiz noch nicht gespielt